| 000 | 00484nam a2200181Ia 4500 | ||
|---|---|---|---|
| 003 | GCL | ||
| 008 | 140319s9999 xx 000 0 eng d | ||
| 040 |
_aGCL / _cGCL |
||
| 082 | 0 | 4 |
_a709.62 _bH A |
| 100 | 1 | _aHAMED SAIDE | |
| 245 | 1 | 0 |
_aL'ART CONTEMPORAIN D'EGYPTE / _cHAMED SAIDE |
| 260 |
_a[S.N] : _bMINISTRY OF CULTURE AND NATIONAL GUIDANC ، _c1964 |
||
| 650 | 0 | 4 | _aحسن فتحى |
| 650 | 0 | 4 | _aPAINTING |
| 650 | 0 | 4 | _aART, EGYPTIAN |
| 650 | 0 | 4 | _aHAMED, SAID |
| 942 |
_2ddc _cBK |
||
| 999 |
_c21204 _d21204 |
||